Statistics for Crossword: US States & Capitals

Click here to take the quiz!

General Stats

  • This quiz has been taken 151 times
  • The average score is 16 of 23

Answer Stats

Answer% Correct
Iowa
88%
Idaho
81%
New York
81%
Providence
80%
Wyoming
79%
Ohio
78%
Pierre
78%
Utah
77%
Nevada
76%
Des Moines
74%
Boston
73%
Colorado
73%
Nashville
73%
Richmond
70%
Boise
69%
Texas
68%
Albany
67%
Frankfort
60%
Salt Lake City
59%
Trenton
48%
Santa Fe
47%
Dover
36%
WASHINGTON, D.C.
35%

Score Distribution

Percentile by Number Answered

Percent of People with Each Score

Your Score History

You have not taken this quiz